000 00401nam a2200145Ia 4500
008 151213s9999 xx 000 0 und d
100 _aHarold Blood
245 _aShakespeare : The Invention of The Human
_cHarold Blood
260 _aNew York
_bRiverhead Books
_c1998
300 _a3571 p.
650 _aEnglish Literature
650 _aEnglish Literature
700 _aHarold Blood
999 _c2374
_d2374